[Event "Challenge"]
[Site "http://www.queenalice.com/game.php?id=563068"]
[Date "2009.3.28"]
[Round "-"]
[White "FeralPawn"]
[Black "FeralOnFire"]
[Result "1-0"]
[WhiteElo "1958"]
[BlackElo "1354"]

1. e4 e5 2. d4 Nc6 3. d5 Nd4 4. c3 Qh4 5. cxd4 Qxe4+ 6. Qe2 Qxe2+ 7. Nxe2 d6 8.
dxe5 dxe5 9. Nbc3 Bf5 10. Ng3 Bg6 11. Bb5+ c6 12. dxc6 bxc6 13. Bxc6+ Kd8 14.
Bxa8 Ne7 15. Be3 Bd3 16. O-O-O e4 17. Bxe4 h5 18. Rxd3+ Ke8 19. Rhd1 Nd5 20.
Bxd5 Bd6 21. Bc6+ Ke7 22. Rxd6 Re8 23. Bxe8 Kxe8 24. Bc5 h4 25. Rd8# 1-0

[Event "Challenge"]
[Site "http://www.queenalice.com/game.php?id=571279"]
[Date "2009.4.13"]
[Round "-"]
[White "burnthepoliticians"]
[Black "FeralOnFire"]
[Result "0-1"]
[WhiteElo "1322"]
[BlackElo "1403"]

1. e4 e5 2. Nf3 d6 3. d4 exd4 4. Nxd4 c5 5. Nf5 Ne7 6. Nxe7 Bxe7 7. Bb5+ Bd7 8.
Bxd7+ Nxd7 9. Nc3 Bf6 10. Qxd6 Qb6 11. Qg3 O-O 12. Be3 Qxb2 13. Rb1 Qxc3+ 14.
Bd2 Qxc2 15. O-O Qxd2 16. Rxb7 Rad8 17. Rxa7 Ne5 18. a4 Qd1 19. f4 Qd4+ 20. Rf2
Qa1+ 21. Rf1 Rd1 22. Qf2 Nd3 23. Qe2 Re1 24. Qxd3 Bd4+ 0-1

[Event "Challenge"]
[Site "http://www.queenalice.com/game.php?id=572831"]
[Date "2009.4.16"]
[Round "-"]
[White "HardCorePawn"]
[Black "FeralOnFire"]
[Result "0-1"]
[WhiteElo "1190"]
[BlackElo "1435"]

1. b4 e5 2. c3 d5 3. Qa4+ c6 4. g3 Nf6 5. Nf3 b5 6. Qa5 Qd7 7. h4 Bd6 8. Ba3 O-O
9. c4 bxc4 10. Nc3 d4 11. Nd1 e4 12. Ng5 Na6 13. b5 cxb5 14. Bxd6 Qxd6 15. Qxb5
Bd7 16. Qxc4 Qd5 17. Qxa6 Bg4 18. Bh3 d3 19. Rc1 Bxe2 20. Nc3 e3 21. Nxd5 Rab8
22. Nf4 Rb2 23. Nxd3 exd2+ 24. Kxe2 dxc1=Q+ 25. Kf3 Qxh1+ 26. Bg2 Qa1 27. Qxa7
Rxa2 28. Qc5 Nd7 29. Qe7 Qf6+ 30. Kg4 Qxe7 31. Be4 Nf6+ 32. Kf4 Ra4 33. f3 Nxe4
34. fxe4 Qd6+ 35. Ke3 Qxg3+ 36. Kd2 Rd8 37. e5 Qxd3+ 38. Kc1 Rc8+ 39. Kb2 Qb5#
0-1

[Event "Challenge"]
[Site "http://www.queenalice.com/game.php?id=574517"]
[Date "2009.4.19"]
[Round "-"]
[White "FeralOnFire"]
[Black "FeralPawn"]
[Result "0-1"]
[WhiteElo "1416"]
[BlackElo "1909"]

1. e4 d5 2. Nc3 d4 3. Nce2 e5 4. Nf3 Nc6 5. Nxe5 Nxe5 6. d3 Nf6 7. Bf4 Ng6 8.
Qd2 Bg4 9. f3 Be6 10. Nxd4 Qxd4 11. O-O-O Ba3 12. c3 Qa4 13. bxa3 Nxf4 14. Qxf4
Qxa3+ 15. Kc2 Qxa2+ 16. Kc1 O-O 17. Qxc7 Rac8 18. Rd2 Qa1+ 19. Kc2 Rxc7 20. c4
Rfc8 21. d4 Bxc4 22. Bxc4 Rxc4+ 23. Kb3 Rc3+ 24. Kb4 R8c4+ 25. Kb5 Qa6# 0-1

[Event "Lets get NEKKID"]
[Site "http://www.queenalice.com/game.php?id=583037"]
[Date "2009.5.4"]
[Round "-"]
[White "HardCorePawn"]
[Black "FeralOnFire"]
[Result "0-1"]
[WhiteElo "1201"]
[BlackElo "1428"]

1. g3 e5 2. b3 c5 3. Bh3 d6 4. Bxc8 Qxc8 5. h4 a5 6. d3 b6 7. e4 Nf6 8. Be3 d5
9. Nc3 Bd6 10. Nb5 Qd7 11. c4 dxe4 12. dxe4 Nxe4 13. Nxd6+ Nxd6 14. Rc1 O-O 15.
Nf3 Nc6 16. Ng5 Nb4 17. Ra1 Qf5 18. Rf1 Nc2+ 19. Ke2 Nxa1 20. Qxd6 Qc2+ 21. Ke1
Rad8 22. Qxe5 Rd1# 0-1

[Event "AUTO-INT-1293"]
[Site "http://www.queenalice.com/game.php?id=583053"]
[Date "2009.5.4"]
[Round "1"]
[White "FeralOnFire"]
[Black "Chessdorf"]
[Result "0-1"]
[WhiteElo "1433"]
[BlackElo "1698"]

1. e4 e6 2. d4 d5 3. Nc3 Nf6 4. Bb5+ c6 5. Ba4 b5 6. Bb3 Ba6 7. Nf3 c5 8. dxc5
Bxc5 9. exd5 b4 10. Na4 Qd6 11. Nxc5 Qxc5 12. c4 Bxc4 13. Bxc4 Qxc4 14. Qd4 Qxd5
15. Qxd5 Nxd5 16. b3 O-O 17. O-O Nd7 18. Rd1 N7f6 19. Rd4 a5 20. Ne5 Nc3 21. a4
Ne2+ 22. Kf1 Nxd4 23. Be3 Nc2 24. Rd1 Nxe3+ 25. fxe3 Nd5 26. Kg1 Nxe3 27. Rd7
Rad8 28. Rxf7 Rxf7 29. Nxf7 Kxf7 30. Kf2 Ng4+ 31. Kg3 Nf6 32. Kf4 Rd2 33. h4
Rxg2 34. Kf3 Rb2 35. Kf4 Rxb3 36. Kg5 Rh3 37. h5 Rxh5+ 0-1

[Event "AUTO-INT-1293"]
[Site "http://www.queenalice.com/game.php?id=583054"]
[Date "2009.5.4"]
[Round "1"]
[White "Chessdorf"]
[Black "FeralOnFire"]
[Result "1-0"]
[WhiteElo "1676"]
[BlackElo "1440"]

1. d4 d5 2. c4 dxc4 3. Nf3 Qd6 4. e3 Qb4+ 5. Bd2 Qd6 6. Bxc4 c5 7. Nc3 cxd4 8.
Nxd4 Nf6 9. Qb3 e6 10. O-O e5 11. Nf5 Qxd2 12. Rad1 Qd7 13. Rxd7 Bxd7 14. Bxf7+
Kd8 15. Rd1 Bc5 16. Nd5 Bxf5 17. Nxf6+ Nd7 18. Nxd7 Bd6 19. Rxd6 Bxd7 20. Qxb7
Ke7 21. Qxd7+ Kf8 22. Bd5 Re8 23. Qf7# 1-0

[Event "AUTO-INT-1293"]
[Site "http://www.queenalice.com/game.php?id=583055"]
[Date "2009.5.4"]
[Round "1"]
[White "FeralOnFire"]
[Black "ricardosf"]
[Result "1-0"]
[WhiteElo "1433"]
[BlackElo "1494"]

1. e4 e5 2. Nf3 d6 3. d4 exd4 4. Nxd4 c5 5. Nf3 Be6 6. b3 Qa5+ 7. Bd2 Qb6 8. Bd3
c4 9. Bxc4 Bxc4 10. Nc3 Nf6 11. bxc4 Ng4 12. O-O Nxf2 13. Rxf2 Nc6 14. Nd5 Qc5
15. Nc7+ Kd7 16. Nxa8 Nd4 17. Be3 Nxf3+ 18. Qxf3 Qxc4 19. Bxa7 Qa6 20. Qxf7+ Be7
21. Nb6+ Kc6 22. Qxg7 Re8 23. Qc3+ Kb5 24. Qc4+ Ka5 25. Qxa6+ bxa6 26. Rf7 Bd8
27. Rf5+ Kb4 28. a3+ Kc3 29. Rd5 Rxe4 30. Rxd6 Bxb6+ 31. Bxb6 Kxc2 32. Rd4 Rxd4
33. Bxd4 Kd3 34. Bg7 1-0

[Event "AUTO-INT-1293"]
[Site "http://www.queenalice.com/game.php?id=583057"]
[Date "2009.5.4"]
[Round "1"]
[White "FeralOnFire"]
[Black "riverriver"]
[Result "0-1"]
[WhiteElo "1449"]
[BlackElo "1458"]

1. e4 e5 2. Nf3 Nc6 3. d4 exd4 4. c3 d6 5. Bc4 Bg4 6. cxd4 Qh4 7. O-O Bxf3 8.
Qxf3 Nf6 9. d5 Nd4 10. Qe3 Nc2 11. Qg5 Qxe4 12. Nc3 Qxc4 13. Re1+ Nxe1 14. Qe3+
Be7 15. Qg5 O-O 16. Qf5 Rfe8 17. Bd2 Nc2 18. Qxc2 Nxd5 19. Qb3 Qxb3 20. axb3
Nxc3 21. Bxc3 Bg5 22. Rd1 Re6 23. Rd5 h6 24. Kf1 Bf6 25. Rb5 Rae8 26. Rxb7 Bxc3
27. bxc3 Re1# 0-1

[Event "AUTO-INT-1293"]
[Site "http://www.queenalice.com/game.php?id=583058"]
[Date "2009.5.4"]
[Round "1"]
[White "riverriver"]
[Black "FeralOnFire"]
[Result "1-0"]
[WhiteElo "1474"]
[BlackElo "1451"]

1. d4 d6 2. e4 e5 3. Nf3 c6 4. dxe5 dxe5 5. Qxd8+ Kxd8 6. Nxe5 Bc5 7. Nxf7+ Ke8
8. Nxh8 Be6 9. Bd3 Nd7 10. O-O Ne5 11. Nc3 Rd8 12. Bg5 Be7 13. Bxe7 Kxe7 14. f4
Nh6 15. fxe5 Rxh8 16. Rf2 Rf8 17. Raf1 Nf7 18. Be2 b5 19. a4 b4 20. Nd1 Rd8 21.
a5 Ng5 22. Bd3 c5 23. b3 Bg4 24. Ne3 Bh5 25. h4 Ne6 26. Nd5+ Kd7 27. Bb5+ Kc8
28. Ne7+ Kc7 29. Nd5+ Kb7 30. a6+ Kc8 31. Ne7+ Kc7 32. Nd5+ Kc8 33. Ne7+ 1-0

[Event "Time for a game :-)"]
[Site "http://www.queenalice.com/game.php?id=626887"]
[Date "2009.7.29"]
[Round "-"]
[White "FeralOnFire"]
[Black "FeralPawn"]
[Result "0-1"]
[WhiteElo "1436"]
[BlackElo "1996"]

1. e4 d6 2. d4 Nf6 3. Nc3 Nbd7 4. Bc4 c6 5. Nf3 Qc7 6. Ng5 d5 7. exd5 cxd5 8.
Bxd5 Nxd5 9. Nxd5 Qa5+ 10. Nc3 e6 11. Bf4 Qf5 12. Nh3 Be7 13. O-O Nf6 14. Qd3
Qxd3 15. cxd3 b6 16. a4 Ba6 17. Nb5 Bxb5 18. axb5 Nd5 19. Rae1 Bb4 20. Rc1 Nxf4
21. Nxf4 Bd2 22. Nh5 Bxc1 23. Rxc1 O-O 24. Rc7 Rfd8 25. Rc4 Rac8 26. Kf1 Rxc4
27. dxc4 Rxd4 28. c5 bxc5 29. Ng3 Rb4 30. Ne2 Rxb5 31. Nc3 Rxb2 32. Na4 Rc2 33.
f4 c4 34. Nc5 c3 35. Ne4 f5 36. Nf2 Rxf2+ 37. Kxf2 c2 38. h4 c1=Q 39. Ke2 a5 40.
Kd3 a4 41. h5 a3 42. g3 a2 43. Kd4 a1=Q+ 44. Kd3 Qac3+ 45. Ke2 Q3e3# 0-1

[Event "Challenge"]
[Site "http://www.queenalice.com/game.php?id=652763"]
[Date "2009.9.15"]
[Round "-"]
[White "FeralOnFire"]
[Black "burnthepoliticians"]
[Result "0-1"]
[WhiteElo "1434"]
[BlackElo "1634"]

1. e4 d5 2. exd5 Qxd5 3. c4 Qa5 4. Nc3 Nf6 5. d4 e6 6. Nf3 Bb4 7. a3 Bxc3+ 8.
bxc3 Qxc3+ 9. Bd2 Qb2 10. Qb1 Qxb1+ 11. Rxb1 b6 12. c5 O-O 13. Bg5 Ne4 14. Bc4
Nxg5 15. Nxg5 h6 16. Ne4 Bb7 17. Nc3 Bxg2 18. Rg1 Bh3 19. Rg3 Bf5 20. Rd1 bxc5
21. dxc5 Nc6 22. Rd7 Rfc8 23. Nb5 a6 24. Nxc7 Ra7 25. Bxa6 Rcxc7 26. Rd6 Rxa6
27. Rb3 Ra8 28. Rb6 Na5 29. Rb5 Nc4 30. Rd4 Nxa3 31. Rb2 Rxc5 32. Rbd2 Rc1+ 33.
Ke2 Nb5 0-1

[Event "Feral Chess "]
[Site "http://www.queenalice.com/game.php?id=664976"]
[Date "2009.10.9"]
[Round "4"]
[White "FeralOnFire"]
[Black "xSmashOrBeSmashedx"]
[Result "0-1"]
[WhiteElo "1422"]
[BlackElo "1835"]

1. e4 g6 2. Nf3 Bg7 3. Bc4 c5 4. O-O Nc6 5. d3 e6 6. Nc3 Nge7 7. b3 Bxc3 8. Rb1
O-O 9. Bb5 d5 10. Bd2 Bg7 11. Ng5 Nb4 12. Bxb4 cxb4 13. a4 bxa3 14. Ra1 Nc6 15.
Bxc6 bxc6 16. Rxa3 Qxg5 17. g3 dxe4 18. dxe4 e5 19. Qd6 Bb7 20. Qc7 Rfb8 21.
Raa1 c5 22. Rfd1 Bxe4 23. Rd7 Qf6 24. Qxc5 Qf3 25. Kf1 Qg2+ 26. Ke2 Qf3+ 27. Kd2
Rd8 28. Rxa7 Rxd7+ 29. Rxd7 Bh6+ 30. Ke1 Ra1+ 31. Rd1 Rxd1# 0-1

[Event "Challenge"]
[Site "http://www.queenalice.com/game.php?id=713692"]
[Date "2010.1.14"]
[Round "-"]
[White "FeralOnFire"]
[Black "joserie"]
[Result "0-1"]
[WhiteElo "1424"]
[BlackElo "2316"]

1. e4 c5 2. Nc3 Nc6 3. a4 g6 4. Nd5 Bg7 5. d3 d6 6. Bd2 Bxb2 7. Rb1 Bg7 8. c4 e6
9. Nf4 Nf6 10. g4 O-O 11. h3 Nd4 12. Bc3 b6 13. f3 h5 14. Bxd4 cxd4 15. gxh5
Nxe4 16. fxe4 Qh4+ 17. Ke2 Qxf4 18. Nf3 Qe3# 0-1